<?xml version="1.0" encoding="UTF-8"?>
<record
    xmlns:xsi="http://www.w3.org/2001/XMLSchema-instance"
    xsi:schemaLocation="http://www.loc.gov/MARC21/slim http://www.loc.gov/standards/marcxml/schema/MARC21slim.xsd"
    xmlns="http://www.loc.gov/MARC21/slim">

  <leader>01374nam a2200277 i 4500</leader>
  <controlfield tag="001">128117</controlfield>
  <controlfield tag="003">ES-MaACL</controlfield>
  <controlfield tag="005">20250409134826.0</controlfield>
  <controlfield tag="007">t|</controlfield>
  <controlfield tag="008">070214q1931    sp           |||| | spa d</controlfield>
  <datafield tag="100" ind1="1" ind2=" ">
    <subfield code="a">Rocamora Batll&#xE9;, R&#xF3;mulo.</subfield>
    <subfield code="9">98026</subfield>
  </datafield>
  <datafield tag="245" ind1="1" ind2="0">
    <subfield code="a">Espa&#xF1;a y el nacionalismo separatista en Catalu&#xF1;a ; </subfield>
    <subfield code="b">Dos estudios jur&#xED;dicos ; La &#xE9;poca heroica del esperanto y del esperantismo y sus efectos en la literatura universal / </subfield>
    <subfield code="c">R&#xF3;mulo S. Rocamora.</subfield>
  </datafield>
  <datafield tag="246" ind1="3" ind2=" ">
    <subfield code="a">Dos estudios jur&#xED;dicos</subfield>
  </datafield>
  <datafield tag="260" ind1=" " ind2=" ">
    <subfield code="a">Barcelona : </subfield>
    <subfield code="b">[s.n.], </subfield>
    <subfield code="c">[1931?] (</subfield>
    <subfield code="f">Tip. Olympia)</subfield>
  </datafield>
  <datafield tag="300" ind1=" " ind2=" ">
    <subfield code="a">92 p. ; </subfield>
    <subfield code="c">19 cm.</subfield>
  </datafield>
  <datafield tag="505" ind1="8" ind2=" ">
    <subfield code="a">C&#xF3;digos, leyes y administraci&#xF3;n de justicia ; El ejercicio de la abogac&#xED;a (degradaci&#xF3;n de funciones) ; La traducci&#xF3;n de "Faust", de Goethe, al esperanto ; Evoluci&#xF3;n y significaci&#xF3;n de la leyenda de "Faust" ;  Valor de la obra y de la traducci&#xF3;n</subfield>
  </datafield>
  <datafield tag="530" ind1=" " ind2=" ">
    <subfield code="a">Disponible en formato digital.</subfield>
  </datafield>
  <datafield tag="630" ind1="0" ind2="4">
    <subfield code="a">Fausto.</subfield>
    <subfield code="9">135290</subfield>
  </datafield>
  <datafield tag="650" ind1=" " ind2="4">
    <subfield code="a">Nacionalismo-</subfield>
    <subfield code="x">Catalu&#xF1;a.</subfield>
    <subfield code="9">15442</subfield>
  </datafield>
  <datafield tag="650" ind1=" " ind2="4">
    <subfield code="a">Esperanto.</subfield>
    <subfield code="9">12494</subfield>
  </datafield>
  <datafield tag="740" ind1="3" ind2="2">
    <subfield code="a">La &#xE9;poca heroica del esperanto y del esperantismo y sus efectos en la literatura universal.</subfield>
  </datafield>
  <datafield tag="852" ind1="4" ind2=" ">
    <subfield code="a">ES-MaACL</subfield>
    <subfield code="j">1716-F-16</subfield>
    <subfield code="c">DEPOF</subfield>
    <subfield code="z">Revisado enlace: 09 de Abril de 2025</subfield>
    <subfield code="9">132823</subfield>
  </datafield>
  <datafield tag="856" ind1="4" ind2=" ">
    <subfield code="u">https://hdl.handle.net/11013/6240 </subfield>
    <subfield code="y">Federaci&#xF3;n Espa&#xF1;ola de Esperanto</subfield>
  </datafield>
  <datafield tag="942" ind1=" " ind2=" ">
    <subfield code="2">udc</subfield>
  </datafield>
  <datafield tag="999" ind1=" " ind2=" ">
    <subfield code="c">128117</subfield>
    <subfield code="d">128117</subfield>
  </datafield>
  <datafield tag="952" ind1=" " ind2=" ">
    <subfield code="0">0</subfield>
    <subfield code="1">0</subfield>
    <subfield code="4">0</subfield>
    <subfield code="7">0</subfield>
    <subfield code="8">Colecci&#xF3;n_de_folletos</subfield>
    <subfield code="a">ATENEOM</subfield>
    <subfield code="b">ATENEOM</subfield>
    <subfield code="c">DEPOF</subfield>
    <subfield code="d">2008-01-17</subfield>
    <subfield code="e">SC</subfield>
    <subfield code="l">0</subfield>
    <subfield code="o">1716-F-16</subfield>
    <subfield code="p">1133440</subfield>
    <subfield code="r">2023-02-23 00:00:00</subfield>
    <subfield code="w">2023-02-23</subfield>
    <subfield code="y">FOLLETOS</subfield>
  </datafield>
</record>
